000 00393cam a2200157ua 4500
041 _aeng
_h
082 _a828.09
_bHAM/WA
100 _aHamilton, Rostrevor .
245 _aWalter Savage Landor /
_cRostrevor Hamilton.
_hTextual Documents
250 _a1 /
_b.
260 _aLondon :
_bLongman Green and Co ,
_c1960.
300 _a40 ; .
504 _a
942 _cBK
999 _c6699
_d6699